Cần nghiên cứu sửa đổi, bổ sung quy định thủ tục ra bản án và quyết định của tòa án tại phiên tòa /

Gorde:
Xehetasun bibliografikoak
Egile nagusia: Nguyễn Thanh Mận.
Formatua: Artikulua
Hizkuntza:Vietnamese
Gaiak:
Etiketak: Etiketa erantsi
Etiketarik gabe, Izan zaitez lehena erregistro honi etiketa jartzen!
Thư viện lưu trữ: Thư viện Trường Đại học Đà Lạt
LEADER 00852nam a2200277 4500
001 DLU160177421
005 ##20161103
040 # # |a DLU  |b vie 
041 # # |a vie 
044 # # |a vn 
100 # # |a Nguyễn Thanh Mận. 
245 # # |a Cần nghiên cứu sửa đổi, bổ sung quy định thủ tục ra bản án và quyết định của tòa án tại phiên tòa /  |c Nguyễn Thanh Mận. 
653 # # |a Bản án 
653 # # |a Phiên tòa 
653 # # |a Quyết định 
653 # # |a Tòa án 
773 # # |t Tạp chí Tòa án nhân dân  |g Số9, 2010, tr. 29-32 
920 # # |a Phòng Tạp chí -- Trung tâm Thông tin - Thư viện Trường Đại học Đà Lạt 
994 # # |a DLU 
900 # # |a True 
911 # # |a Nguyễn Thị Mai Anh 
925 # # |a G 
926 # # |a A 
927 # # |a BB 
980 # # |a Thư viện Trường Đại học Đà Lạt